000 00773nam a2200229Ia 4500
003 OSt
005 20220923213632.0
006 a|||||r|||| 00| 0
007 ta
008 220922b |||||||| |||| 00| 0 hin d
024 _a163,708
037 _cTextual
040 _aARTS
_cARTS
_bhin
041 _2hin
_ahin
082 _aO152:1M89:12:9, J3
100 _aटंडन, लक्ष्मीनारायण; चौधरी, रामखेलावन
_9163111
245 0 _aलहर
_b एक अध्ययन
246 _aLahara: ek adhyayana
260 _c1953
942 _hO152:1M89:12:9, J3
_cTEXL
_2CC
999 _c318188
_d318188